00529nam a2200193 a 4500001001300000003000900013005001700022008004100039020002600080082001700106100001900123245006300142260003200205300000900237500003500246505001000281650002500291700001900316nice12345678IN_TiNIC20260116013859.0050524s1994 bosa grp 000 0 eng  a0829856 c659.5400a200.922bCRA aCragg, Kenneth aTroubled By Truthb Biographies in the Presence of Mystery aBostonbPilgrim Pressc1994 a320p aincludes index and biblioraphy2 aIndex aBiographies-Religion1 aCragg, Kenneth